[Event "Malakhatko Memorial op"]
[Site "Chess.com INT"]
[Date "2023.06.14"]
[Round "6"]
[White "Ivanukh, Roman"]
[Black "Dovzik, Juri"]
[Result "1-0"]
[WhiteElo "2200"]
[BlackElo "2257"]
[PlyCount "69"]
[EventDate "2023.06.14"]
[EventType "swiss (blitz)"]
[EventRounds "11"]
[EventCountry "USA"]
[SourceTitle "CBM 214 Extra"]
[Source "ChessBase"]
[SourceDate "2023.07.31"]
[SourceVersion "1"]
[SourceVersionDate "2023.07.31"]
[SourceQuality "1"]

1. d4 d5 2. c4 c6 3. Nf3 Nf6 4. Nc3 a6 5. e3 b5 6. b3 Bg4 7. Bd2 e6 8. h3 Bh5 9. Bd3 Nbd7 10. 0-0 Be7 11. a3 0-0 12. e4 Bg6 13. Qe2 bxc4 14. bxc4 dxc4 15. Bxc4 c5 16. e5 Ne8 17. d5 exd5 18. Nxd5 Bf5 19. Bxa6 Nb8 20. Bc4 Nc6 21. Bc3 Nc7 22. Rfd1 Nxd5 23. Bxd5 Qc7 24. e6 f6 25. Bc4 Rfe8 26. Nh4 Bg6 27. Nxg6 hxg6 28. Qg4 Ne5 29. Bxe5 Qxe5 30. Qxg6 Bd6 31. e7+ Kh8 32. Rxd6 Qxa1+ 33. Kh2 Qe5+ 34. g3 Rxe7 35. Rd5 1-0

[Event "Malakhatko Memorial op"]
[Site "Chess.com INT"]
[Date "2023.06.14"]
[Round "4"]
[White "Ivanukh, Roman"]
[Black "Pustovit, Maksym"]
[Result "1-0"]
[WhiteElo "2200"]
[BlackElo "1621"]
[PlyCount "55"]
[EventDate "2023.06.14"]
[EventType "swiss (blitz)"]
[EventRounds "11"]
[EventCountry "USA"]
[SourceTitle "CBM 214 Extra"]
[Source "ChessBase"]
[SourceDate "2023.07.31"]
[SourceVersion "1"]
[SourceVersionDate "2023.07.31"]
[SourceQuality "1"]

1. b3 Nf6 2. Bb2 g6 3. Bxf6 exf6 4. c4 Bg7 5. Nc3 f5 6. e3 0-0 7. g3 c6 8. Nge2 d5 9. cxd5 cxd5 10. d4 Nc6 11. Bg2 Ne7 12. 0-0 b6 13. Rc1 Bb7 14. Qd3 Qd7 15. Rc2 Rac8 16. Rfc1 h5 17. h4 Rc6 18. Nf4 Rc7 19. Nb5 Rxc2 20. Rxc2 Ba6 21. a4 Bh6 22. Ne2 f6 23. Nec3 Rc8 24. Bf3 Kf7 25. Qd1 Bxb5 26. Nxb5 a6 27. Rxc8 Qxc8 28. Nd6+ 1-0

[Event "Malakhatko Memorial op"]
[Site "Chess.com INT"]
[Date "2023.06.14"]
[Round "8"]
[White "Skliarov, Olexandr"]
[Black "Ivanukh, Roman"]
[Result "1-0"]
[WhiteElo "2137"]
[BlackElo "2200"]
[PlyCount "91"]
[EventDate "2023.06.14"]
[EventType "swiss (blitz)"]
[EventRounds "11"]
[EventCountry "USA"]
[SourceTitle "CBM 214 Extra"]
[Source "ChessBase"]
[SourceDate "2023.07.31"]
[SourceVersion "1"]
[SourceVersionDate "2023.07.31"]
[SourceQuality "1"]

1. d4 Nf6 2. Nf3 g6 3. c4 Bg7 4. Nc3 d6 5. Bf4 0-0 6. e3 Nc6 7. Be2 Bf5 8. 0-0 Ne4 9. Nxe4 Bxe4 10. Qb3 Na5 11. Qa3 c5 12. dxc5 dxc5 13. Rad1 Qb6 14. b3 Nc6 15. Ne1 Rfd8 16. Bd3 Rd7 17. f3 Bxd3 18. Nxd3 Rad8 19. Nf2 Qb4 20. Qc1 Qa5 21. Qb1 Qc3 22. Ne4 Qb4 23. Rxd7 Rxd7 24. Rd1 Rxd1+ 25. Qxd1 Qa3 26. Qd2 h6 27. Nc3 g5 28. Nb5 Qb4 29. Qxb4 Nxb4 30. Bb8 a6 31. Nc7 Nxa2 32. Nd5 e6 33. Ne7+ Kf8 34. Nc8 Kg8 35. Bd6 Bf8 36. Bxf8 Kxf8 37. Nd6 b6 38. Nc8 b5 39. Nd6 Nc3 40. Nb7 bxc4 41. bxc4 Na4 42. Kf2 Ke7 43. Ke2 Kd7 44. Kd3 Kc7 45. Na5 f5 46. Nb3 1-0

[Event "Kiev Spring op"]
[Site "Kiev"]
[Date "2023.03.27"]
[Round "3"]
[White "Ivanukh, Roman"]
[Black "Havryliuk, Yehor"]
[Result "1-0"]
[WhiteElo "2247"]
[BlackElo "1689"]
[PlyCount "67"]
[EventDate "2023.03.25"]
[EventType "swiss"]
[EventRounds "9"]
[EventCountry "UKR"]
[SourceTitle "EXT 2024"]
[Source "ChessBase"]
[SourceDate "2023.10.10"]
[SourceVersion "1"]
[SourceVersionDate "2023.10.10"]
[SourceQuality "1"]

1. d4 d5 2. c4 e6 3. Nf3 Be7 4. Nc3 Nf6 5. Bf4 0-0 6. e3 b6 7. cxd5 Nxd5 8. Nxd5 Qxd5 9. a3 c5 10. dxc5 bxc5 11. Qc2 Ba6 12. Bxa6 Nxa6 13. 0-0 Rfd8 14. Rad1 Qb7 15. Be5 Nc7 16. Nd2 Ne8 17. Nc4 Nf6 18. f3 Rxd1 19. Rxd1 Rd8 20. e4 Rxd1+ 21. Qxd1 Qd7 22. Qb3 h6 23. Kf1 Kh7 24. Ke2 Nh5 25. Qd3 Qb5 26. Nd2 Qb7 27. Qb3 Qd7 28. Qd3 Qb7 29. g3 Nf6 30. Bc3 g6 31. Kd1 Nd7 32. Ke2 Nb6 33. Qb5 a6 34. Qe8 1-0

[Event "Kiev Shystariov Blitz"]
[Site "Kiev"]
[Date "2022.08.26"]
[Round "8"]
[White "Ivanukh, Roman"]
[Black "Pavlov, Sergey1111"]
[Result "1-0"]
[WhiteElo "2247"]
[BlackElo "2473"]
[PlyCount "155"]
[EventDate "2022.08.26"]
[EventType "swiss (blitz)"]
[EventRounds "9"]
[EventCountry "UKR"]
[SourceTitle "CBM 209 Extra"]
[Source "ChessBase"]
[SourceDate "2022.09.30"]
[SourceVersion "1"]
[SourceVersionDate "2022.09.30"]
[SourceQuality "1"]

1. d4 Nf6 2. c4 e6 3. Nf3 d5 4. Nc3 dxc4 5. e3 a6 6. a4 b6 7. Bxc4 Bb7 8. 0-0 Bb4 9. Qe2 0-0 10. Rd1 Nbd7 11. Bd2 Qe7 12. Rac1 c5 13. h3 Rfd8 14. Be1 h6 15. d5 exd5 16. Nxd5 Nxd5 17. Bxd5 Bxd5 18. Rxd5 Bxe1 19. Rxe1 Nf6 20. Rxd8+ Qxd8 21. Rd1 Qe8 22. b3 b5 23. axb5 axb5 24. Rc1 Ne4 25. Qd3 Rd8 26. Qc2 Qe6 27. Rd1 Rxd1+ 28. Qxd1 c4 29. bxc4 Qxc4 30. Nd4 b4 31. Qg4 Qc1+ 32. Kh2 Nxf2 33. Qf3 Qc7+ 34. g3 Nd3 35. Qa8+ Kh7 36. Qe4+ g6 37. Qxd3 Qe5 38. Qb3 Kg7 39. Nc2 Qc7 40. Nxb4 Qe5 41. Nc2 Kg8 42. Qd3 Qc5 43. Nd4 Qb4 44. Qe2 Qc3 45. Qf3 Qd2+ 46. Qe2 Qc3 47. Nf3 Qb3 48. e4 Qc3 49. e5 Qb3 50. h4 Qd5 51. Kg2 Kg7 52. Qd2 Qe4 53. Kf2 Qc4 54. Qe2 Qc5+ 55. Kg2 Qd5 56. Qe3 Qa2+ 57. Kh3 Qe6+ 58. Kg2 Qa2+ 59. Qd2 Qc4 60. Qd4 Qa2+ 61. Kh3 Qe6+ 62. g4 Kg8 63. Qd8+ Kh7 64. Qf6 Qd5 65. h5 gxh5 66. gxh5 Qd7+ 67. Kg3 Qd5 68. Qf5+ Kg7 69. Qf6+ Kh7 70. Kg4 Qe4+ 71. Qf4 Qd5 72. Qf5+ Kg7 73. Qf4 Qe6+ 74. Kg3 Qd5 75. Nh4 Qd3+ 76. Qf3 Qd2 77. Nf5+ Kh7 78. Qe3 1-0

[Event "Kiev Shystariov Blitz"]
[Site "Kiev"]
[Date "2022.08.26"]
[Round "7"]
[White "Ivanukh, Roman"]
[Black "Skliarov, Viktor"]
[Result "1-0"]
[WhiteElo "2247"]
[BlackElo "2384"]
[PlyCount "111"]
[EventDate "2022.08.26"]
[EventType "swiss (blitz)"]
[EventRounds "9"]
[EventCountry "UKR"]
[SourceTitle "CBM 209 Extra"]
[Source "ChessBase"]
[SourceDate "2022.09.30"]
[SourceVersion "1"]
[SourceVersionDate "2022.09.30"]
[SourceQuality "1"]

1. d4 Nf6 2. c4 e6 3. Nc3 Bb4 4. e3 b6 5. Nge2 Ne4 6. Qc2 Bb7 7. a3 Bxc3+ 8. Nxc3 Nxc3 9. Qxc3 0-0 10. Qc2 d6 11. Bd3 Qh4 12. e4 Nd7 13. 0-0 e5 14. Be3 Rae8 15. d5 f5 16. exf5 e4 17. Be2 Rxf5 18. Rfe1 Ne5 19. Rad1 Ref8 20. Bf1 Bc8 21. Rd4 Rh5 22. h3 Nf3+ 23. gxf3 Bxh3 24. Rxe4 Bg4 25. Bg2 Qh2+ 26. Kf1 Bf5 27. Qc3 Bxe4 28. fxe4 Re5 29. Bd4 Rg5 30. Qh3 Qxh3 31. Bxh3 Rf3 32. Be6+ Kf8 33. Be3 Rg6 34. Bf5 Rf6 35. Bg4 R3f4 36. Bxf4 Rxf4 37. Bh3 Rf3 38. Bg2 Rd3 39. Ke2 Rb3 40. Rb1 b5 41. cxb5 Rxb5 42. b4 a5 43. Kd3 axb4 44. Rxb4 Ra5 45. a4 Ke7 46. f4 Kf6 47. Kd4 g5 48. e5+ dxe5+ 49. fxe5+ Ke7 50. Bf3 Ra6 51. Bg4 Rh6 52. Kc5 Rh4 53. d6+ cxd6+ 54. exd6+ Kf6 55. d7 Ke7 56. Re4+ 1-0

[Event "Kharkov Matskevich Memorial"]
[Site "Kharkov"]
[Date "2009.07.13"]
[Round "5"]
[White "Ivanukh, Roman"]
[Black "Simantsev, Mikhail"]
[Result "0-1"]
[WhiteElo "2290"]
[BlackElo "2511"]
[PlyCount "94"]
[EventDate "2009.07.09"]
[EventType "tourn"]
[EventRounds "9"]
[EventCountry "UKR"]
[EventCategory "6"]
[SourceTitle "CBM 131 Extra"]
[Source "ChessBase"]
[SourceDate "2009.09.03"]
[SourceVersion "2"]
[SourceVersionDate "2009.09.16"]
[SourceQuality "1"]

1. e4 c5 2. Nf3 a6 3. c3 d5 4. exd5 Qxd5 5. d4 Nc6 6. Be3 cxd4 7. Nxd4 e5 8. Qb3 Qxb3 9. Nxb3 f5 10. Bc4 b5 11. Be2 Nf6 12. N1d2 Nd5 13. Bg5 Be6 14. a4 b4 15. c4 Nc7 16. Rd1 Be7 17. Bxe7 Kxe7 18. Nc5 Rhd8 19. 0-0 Nd4 20. Rfe1 e4 21. Rc1 Rd6 22. Ndb3 Nxe2+ 23. Rxe2 Bxc4 24. Rd2 Bxb3 25. Rxd6 Kxd6 26. Nxb3 Ne6 27. Kf1 g5 28. Rd1+ Ke5 29. Rc1 h5 30. Na5 Nd4 31. Rc5+ Ke6 32. Rc4 Kd5 33. Rxb4 Rc8 34. Nb3 Nxb3 35. Rxb3 Rc1+ 36. Ke2 Rc2+ 37. Ke1 Rc4 38. Ra3 f4 39. Kd2 Rb4 40. Kc2 g4 41. h3 a5 42. hxg4 hxg4 43. Kc3 Ke5 44. b3 Rd4 45. Ra1 g3 46. Rf1 Rd3+ 47. Kc2 f3 0-1

[Event "Kharkov Matskevich Memorial"]
[Site "Kharkov"]
[Date "2009.07.12"]
[Round "4"]
[White "Kislinsky, Alexey"]
[Black "Ivanukh, Roman"]
[Result "1-0"]
[WhiteElo "2455"]
[BlackElo "2290"]
[PlyCount "37"]
[EventDate "2009.07.09"]
[EventType "tourn"]
[EventRounds "9"]
[EventCountry "UKR"]
[EventCategory "6"]
[SourceTitle "CBM 131 Extra"]
[Source "ChessBase"]
[SourceDate "2009.09.03"]
[SourceVersion "2"]
[SourceVersionDate "2009.09.16"]
[SourceQuality "1"]

1. e4 Nf6 2. e5 Nd5 3. d4 d6 4. Bc4 Nb6 5. Bb3 dxe5 6. Qh5 e6 7. dxe5 a5 8. a4 Na6 9. Nc3 Nc5 10. Bg5 Be7 11. Rd1 Bd7 12. Be3 Nxb3 13. cxb3 0-0 14. Nf3 Qc8 15. Bg5 Bxg5 16. Nxg5 h6 17. Nce4 Bc6 18. Nf6+ gxf6 19. exf6 1-0

[Event "Kharkov Matskevich Memorial"]
[Site "Kharkov"]
[Date "2009.07.11"]
[Round "3"]
[White "Ivanukh, Roman"]
[Black "Averjanov, Alexey"]
[Result "0-1"]
[WhiteElo "2290"]
[BlackElo "2395"]
[PlyCount "60"]
[EventDate "2009.07.09"]
[EventType "tourn"]
[EventRounds "9"]
[EventCountry "UKR"]
[EventCategory "6"]
[SourceTitle "CBM 131 Extra"]
[Source "ChessBase"]
[SourceDate "2009.09.03"]
[SourceVersion "2"]
[SourceVersionDate "2009.09.16"]
[SourceQuality "1"]

1. e4 c5 2. Nc3 Nc6 3. g3 g6 4. Bg2 Bg7 5. d3 d6 6. Be3 e6 7. Qd2 Nge7 8. Nge2 Nd4 9. 0-0 0-0 10. f4 Rb8 11. Nd1 b5 12. c3 Nxe2+ 13. Qxe2 f5 14. d4 fxe4 15. Bxe4 cxd4 16. cxd4 Nf5 17. d5 Nxe3 18. Qxe3 Qb6 19. Qxb6 Rxb6 20. Re1 e5 21. fxe5 Bxe5 22. Rc1 b4 23. Rc6 b3 24. a3 Rb7 25. Rc4 a5 26. Rf1 Re8 27. Bg2 Rbe7 28. Ra4 Bd7 29. Rxa5 Bd4+ 30. Kh1 Re1 0-1